00494nam a22001697a 450000500170000001000140001702000220003103500130005303700130006608200110007910000220009024500790011226000340019127000470022530000240027270000280029620100811124041.0 aENG-99576 a8122504558c85.00 aEN-83108 bDBAD/PUB a302.35 aUpadhyay, Padma V aOrganizational behaviour /cby Padma V Upadhya [and] P Subhas Chandra Bose aNew DelhibKitab Mahal c2007 a28 Netaji Subhash Marg bNew Delhie110002 axii,212pc24cm(pbk) aBose, P Subhas Chandra